| 000 | 00410cam a2200157ua 4500 | ||
|---|---|---|---|
| 041 |
_aeng _h |
||
| 082 |
_a030 _bGOE/NE |
||
| 100 | _aGoetz, PhilipW` . | ||
| 245 |
_aNew Encyclopaedia britannica vol-28 / _cPhilip W Goetz. _hTextual Documents |
||
| 250 |
_a15 / _b. |
||
| 260 |
_aChicago : _bEncyclopaedia Britannica INC , _c1985. |
||
| 300 | _a1112 ; . | ||
| 504 | _a | ||
| 942 | _cBK | ||
| 999 |
_c5644 _d5644 |
||